Financial Management of Firms and Financial Institutions 14th International Scientific Conference

Salvato in:
Dettagli Bibliografici
Ente Autore: Financial Management of Firms and Financial Institutions. International Scientific Conference
Natura: Libro
Lingua:inglese
Pubblicazione: Ostrava VŠB - Technická univerzita Ostrava 2023
Edizione:1st Edition
Soggetti:
Tags: Aggiungi Tag
Nessun Tag, puoi essere il primo ad aggiungerne!!

MARC

LEADER 00000nlm a2200000 4500
001 0296261
005 20230918110705.7
020 |a 978-80-248-4693-4 
022 |a 2336-162X (on-line) 
041 0 |a eng 
044 |a CZ 
245 1 0 |a Financial Management of Firms and Financial Institutions  |b 14th International Scientific Conference 
250 |a 1st Edition 
264 1 |a Ostrava  |b VŠB - Technická univerzita Ostrava  |c 2023 
300 |a 130 s. 
610 2 0 |a manažment finančný 
610 2 0 |a firmy 
610 2 0 |a inštitúcie finančné 
110 2 |a Financial Management of Firms and Financial Institutions. International Scientific Conference